|
|
|
|
| LEADER |
00000nab a2200000 a 4500 |
| 001 |
vtls011558740 |
| 003 |
SK-MaSNL |
| 005 |
20260318114410.0 |
| 008 |
160608c2016 xo mr p 000 c0ukr |
| 015 |
|
|
|a SNBRB2016/06
|
| 038 |
|
|
|a SVKPOCL
|
| 040 |
|
|
|a SVKPOCL
|b slo
|c SVKPOCL
|e AACR2
|
| 041 |
0 |
|
|a ukr
|
| 044 |
|
|
|a xo
|c SK
|
| 080 |
|
|
|a 80(=16)+908(4)
|2 2011
|
| 080 |
|
|
|a 80(=161.2)+908(477)
|2 2011
|
| 080 |
|
|
|a 352(437.6)
|2 2011
|
| 080 |
|
|
|a 77.03
|2 2011
|
| 080 |
|
|
|a (437.6)
|2 2011
|
| 245 |
0 |
0 |
|a «Nenače pysanka selo»
|
| 300 |
|
|
|b Fotogr.
|
| 500 |
|
|
|a V rubrike Z poštovoji skryn'ky
|
| 650 |
0 |
7 |
|a obce
|2 SNKPH
|9 2935
|
| 650 |
0 |
7 |
|a dokumentárna fotografia
|2 SNKPH
|9 75934
|
| 650 |
0 |
7 |
|a slavistika
|2 SNKPH
|9 4282
|
| 650 |
0 |
7 |
|a ukrajinistika
|2 SNKPH
|9 51200
|
| 651 |
|
7 |
|a Rešov (Slovensko)
|2 SNKPHgeo
|9 36690
|
| 651 |
|
7 |
|a Bardejov (Slovensko : okres)
|2 SNKPHgeo
|9 28620
|
| 651 |
|
7 |
|a Slovensko
|2 SNKPHgeo
|9 14231
|
| 773 |
0 |
|
|t Veselka
|g Roč. 63, č. 8 (2015/2016), s. 7
|
| 852 |
|
|
|a SVKPO
|b KIS3GCP
|
| 856 |
4 |
1 |
|u www.rusini-ukrajinci.tym.sk
|
| 958 |
|
|
|a UK
|
| 958 |
|
|
|a NM
|
| 958 |
|
|
|a SS
|
| 958 |
|
|
|a SK
|
| 999 |
|
|
|c 3363613
|d 3365543
|